|
|
|
|
| LEADER |
00664nta a2200181 i 4500 |
| 001 |
dipl93586 |
| 005 |
20200819120045.0 |
| 008 |
200819s2015 hu om 0|| zxx d |
| 040 |
|
|
|a SZTE Diploma Repozitórium
|b hun
|
| 041 |
|
|
|a zxx
|
| 100 |
1 |
|
|a Bálint Nikolett
|
| 245 |
1 |
0 |
|a Munkanélküliség és közfoglalkoztatás egy dél-alföldi kistelepülésen
|h [elektronikus dokumentum] /
|c Nikolett Bálint
|
| 260 |
|
|
|c 2015
|
| 650 |
|
4 |
|a Orvos- és egészségtudományok
|
| 650 |
|
4 |
|a Medical and health sciences
|
| 650 |
|
4 |
|a Health sciences
|
| 700 |
1 |
|
|a Vida Anikó
|e ths
|
| 856 |
4 |
0 |
|u http://diploma.bibl.u-szeged.hu/id/eprint/93586/1/2015_balint_nikolett.pdf
|z Dokumentum-elérés
|